| 000 | 00533nam a2200181 i 4500 | ||
|---|---|---|---|
| 001 | 49627 | ||
| 003 | ES-MaACL | ||
| 005 | 20230906162030.0 | ||
| 007 | t| | ||
| 008 | 030721s1968 sp ||||1| spa d | ||
| 100 | 1 |
_aCotant, G. _941162 |
|
| 245 | 1 | 0 |
_aTécnica del trazado en calderería / _cG. Cotant ; versión, Juan Elías Xiville. |
| 250 | _a1ª ed. | ||
| 260 |
_aBarcelona : _bJosé Montesó, _c1968. |
||
| 300 |
_a214 p. : _bil. ; _c30 cm. |
||
| 700 | 1 |
_aElías Xiville, Juan. _946980 |
|
| 852 |
_aES-MaACL _jC-35744 _bR.66469 |
||
| 999 |
_c49627 _d49627 |
||